Computer system architecture / (Record no. 528405)

000 -LEADER
fixed length control field 00905pam a2200277 a 4500
001 - CONTROL NUMBER
control field 1559182
003 - CONTROL NUMBER IDENTIFIER
control field NUST
005 - DATE AND TIME OF LATEST TRANSACTION
control field 20190911082657.0
008 - FIXED-LENGTH DATA ELEMENTS--GENERAL INFORMATION
fixed length control field 920320s1993 njua b 001 0 eng
010 ## - LIBRARY OF CONGRESS CONTROL NUMBER
LC control number 92012094
020 ## - INTERNATIONAL STANDARD BOOK NUMBER
International Standard Book Number 0131755633
038 ## - RECORD CONTENT LICENSOR
Staff Name MSOHAIL
040 ## - CATALOGING SOURCE
Original cataloging agency DLC
Transcribing agency DLC
Modifying agency DLC
050 00 - LIBRARY OF CONGRESS CALL NUMBER
Classification number QA76.9.A73
Item number M36 1993
082 00 - DEWEY DECIMAL CLASSIFICATION NUMBER
Classification number 004.22
Edition number 20
Author Mark MOR
100 1# - MAIN ENTRY--PERSONAL NAME
Personal name Mano, M. Morris,
Dates associated with a name 1927-
9 (RLIN) 20186
245 10 - TITLE STATEMENT
Title Computer system architecture /
Statement of responsibility, etc. M. Morris Mano.
250 ## - EDITION STATEMENT
Edition statement 3rd ed.
260 ## - PUBLICATION, DISTRIBUTION, ETC.
Place of publication, distribution, etc. Englewood Cliffs, N.J. :
Name of publisher, distributor, etc. Prentice Hall,
Date of publication, distribution, etc. c1993.
300 ## - PHYSICAL DESCRIPTION
Extent xviii, 525 p. :
Other physical details ill. ;
Dimensions 25 cm.
504 ## - BIBLIOGRAPHY, ETC. NOTE
Bibliography, etc. note Includes bibliographical references and index.
650 #0 - SUBJECT ADDED ENTRY--TOPICAL TERM
Topical term or geographic name entry element Computer architecture.
9 (RLIN) 3070
906 ## - LOCAL DATA ELEMENT F, LDF (RLIN)
a 7
b cbc
c orignew
d 1
e ocip
f 19
g y-gencatlg
942 ## - ADDED ENTRY ELEMENTS (KOHA)
Source of classification or shelving scheme
Koha item type Book
Holdings
Withdrawn status Lost status Source of classification or shelving scheme Damaged status Not for loan Permanent Location Current Location Date acquired Total Checkouts Full call number Barcode Date last seen Price effective from Koha item type
          School of Civil and Environmental Engineering (SCEE) School of Civil and Environmental Engineering (SCEE) 09/11/2019   004.22 MOR NIT-10432 09/11/2019 09/11/2019 Book
© 2023 Central Library, National University of Sciences and Technology. All Rights Reserved.